000 00377nam a2200133Ia 4500
008 100328s9999 xx 000 0 und d
082 _b62530
100 _a---
245 _aपूर्णांक की ओर.
260 _bअर्चना.
630 _aपूर्णांक की ओर.
730 _aपूर्णांक की ओर.
942 _cBOOK
999 _c548502
_d548499